00913 2200337 4500001002100000005001500021035002000036007000300056008004100059040001700100100002300117245005300140250001000193300003000203504002400233020002200257041000800279082001000287084001600297090002100313260003700334650001400371700003000385850001000415990002500425990002500450990002500475990002500500990002500525990002500550INLIS00000000000275420260531094342 a0010-0720000037ta260531 j 1 ind  aSBPUPADbind0 aRedaksi Super Kids1 aPesawat Terbang Super Seru /cRedaksi Super Kids aCet.1 a32 hlm, :bilus. ;c15 cm aBibliografi, hlm 32 a978-602-1142-22-60 aind a371.1 a371.1 RED p a371.1 RED p T3-3 aYogyakarta :bShira Media,c2017 4aBuku Anak0 aEditor:Redaksi Super Kids aPUPAD a31.057/APBD/DPK/2019 a31.059/APBD/DPK/2019 a31.060/APBD/DPK/2019 a31.058/APBD/DPK/2019 a31.060/APBD/DPK/2019 a31.059/APBD/DPK/2019